prevention methods of insect pests on tomato neang tamm variety (វិធានការការពារសត្វល្អិតចង្រៃនៅលើដំណាំប៉េងប៉ោះពូជនាងតំ) (Record no. 1105)

000 -LEADER
fixed length control field 00584nam a22001577a 4500
003 - CONTROL NUMBER IDENTIFIER
control field OSt
005 - DATE AND TIME OF LATEST TRANSACTION
control field 20150923100112.0
008 - FIXED-LENGTH DATA ELEMENTS--GENERAL INFORMATION
fixed length control field 150923b xxu||||| |||| 00| 0 eng d
040 ## - CATALOGING SOURCE
Transcribing agency RUA
082 ## - DEWEY DECIMAL CLASSIFICATION NUMBER
Classification number AGR LY 2010 B045 Or.1
100 ## - MAIN ENTRY--PERSONAL NAME
9 (RLIN) 1156
Personal name LY, DINA.
245 ## - TITLE STATEMENT
Title prevention methods of insect pests on tomato neang tamm variety (វិធានការការពារសត្វល្អិតចង្រៃនៅលើដំណាំប៉េងប៉ោះពូជនាងតំ)
260 ## - PUBLICATION, DISTRIBUTION, ETC. (IMPRINT)
Place of publication, distribution, etc. Phnom Penh
Name of publisher, distributor, etc. RUA
Date of publication, distribution, etc. 2010
300 ## - PHYSICAL DESCRIPTION
Extent ix, 46p.
Other physical details ill.
Dimensions 29cm.
942 ## - ADDED ENTRY ELEMENTS (KOHA)
Source of classification or shelving scheme
Koha item type AGR
Holdings
Price effective from Date last seen Permanent Location Not for loan Date acquired Source of classification or shelving scheme Koha item type Lost status Withdrawn status Date last checked out Total Checkouts Shelving location Damaged status Barcode Current Location Full call number
2015-09-232023-10-18Library Block B 2015-09-23 AGR  2023-09-265B045 RUA006819Library Block BAGR LY 2010 B045 Or.1
2015-09-232019-12-30Library Block B 2015-09-23 AGR  2019-12-114B045 RUA006422Library Block BAGR LY 2010 B045 Or.2
2015-10-282026-05-29Library Block B 2015-10-28 AGR  2026-05-087B045 RUA015075Library Block BAGR LY 2010 B045 Or.3
មជ្ឈមណ្ឌលឯការនៃសាកលវិទ្យាល័យភូមិន្ទកសិកម្មចំការដូង

Powered by Koha